| 000 | 01038nmc a2200373 a 4500 | ||
|---|---|---|---|
| 003 | AR-BaBNM | ||
| 005 | 20251128204914.0 | ||
| 008 | 156019s1993 ||||||||||||||000 | spa|| | ||
| 020 | _a84-277-0923-4 | ||
| 040 | _cAR-BaBNM | ||
| 100 | 1 | _aGómez Masdevall, María Teresa | |
| 245 | 1 | 0 |
_aPropuestas de intervención en el aula _btécnicas para lograr un clima favorable en la clase |
| 250 | _a2ª ed. | ||
| 260 |
_aMadrid _bNarcea _c1993 |
||
| 300 | 0 |
_a286 p. _btablas, diagr. |
|
| 490 | 0 | _aEducación hoy | |
| 504 | _aBibliografía: p. 281-286 | ||
| 600 | 1 | 4 | _aPiaget, Jean |
| 650 | 4 | _aDISCIPLINA | |
| 650 | 4 | _aDISCIPLINA ESCOLAR | |
| 650 | 4 | _aTEORIA | |
| 650 | 4 | _aVALORES | |
| 650 | 4 | _aNINOS DE EDAD PREESCOLAR | |
| 650 | 4 | _aADOLESCENTES | |
| 650 | 4 | _aTECNICAS DIDACTICAS | |
| 650 | 4 | _aDINAMICA DE GRUPO | |
| 651 | 4 | _aEspaña | |
| 653 | 0 | _aFRACASO ESCOLAR | |
| 653 | 0 | _aEDUCACION PRIMARIA | |
| 700 | 1 | _aMir i Costa, Victoria | |
| 700 | 1 | _aSerrats i Paretas, María Gracia | |
| 942 | _cBK | ||
| 998 | _cSILVI | ||
| 999 |
_c9277 _d9277 |
||